000 00601nam a22002417a 4500
003 OSt
005 20180116183018.0
008 151020b xxu||||| |||| 00| 0 eng d
020 _a9781259026829
022 _a9781259026829
040 _c0
050 _a658.3
082 _a658.3
100 _aAswathappa,K.
245 _aHuman Resource Management.
_bText and Cases.
_cK Aswathappa.
250 _a7th.
260 _aNew Delhi
_bMcGraw Hill Education.
_c2015.
300 _a874p.
500 _aPaper Cover
600 _aAswathappa,K.
700 _aAswathappa,K.
942 _2ddc
_cBK
_k658.3
999 _c350451
_d350451